A polgári iskola megnyilt

... 10. septembra 1906 prechodne na Jókaiho ulici, kým nedostane nový stánok. Zásluhu na rýchlom zriadení školy má richtár Michaloviec Béla Walkovszky.

Podrobná bibliografia
Médium: Článok
Jazyk:Hungarian
Témy:
Zdroj: 1. Felsö-Zemplén 1. Roč. 11, č. 38 (13.09.1906) s. 2
LEADER 00889nab#a2200301#ar4500
001 000076499
003 SVKKK
005 20050809xxxxxxx.
008 06 c xo huno
FMT
038 |a SVKKK 
040 |a SVKKK  |b slo  |e AACR2 
041 0 |a hun 
044 |a xo  |c SK 
080 |a 372 
242 1 0 |a Meštianska škola sa otvorila 
245 0 0 |a A polgári iskola megnyilt 
500 |a Ex/Ro-75 
520 2 |a ... 10. septembra 1906 prechodne na Jókaiho ulici, kým nedostane nový stánok. Zásluhu na rýchlom zriadení školy má richtár Michaloviec Béla Walkovszky. 
650 0 4 |a meštianska škola, Michalovce - otvorenie - Michalovce - rok 1906 - správy 
773 0 |t Felsö-Zemplén  |g Roč. 11, č. 38 (13.09.1906) s. 2 
957 |a Michalovce 
958 |a DG 
958 |a SK 
974 |a zuz  |d 20050809 
992 |a RBX 
BAS
998 |a RETRO